W-W Match Quiz Stats

 Plays Quiz not verified by Sporcle

Also try: V-V Match
Challenge
Share
Tweet
Score 0/30 Timer 03:00
3 Plays Today
% Correct
Willy
97.8%
Wall-to-
97.3%
Woody
96.6%
World
95.7%
Wicked
95.7%
Woodrow
95.5%
War of the
94.9%
Weeping
94.6%
Where's
94.5%
Wax On
94.4%
Windshield
93.7%
Weight
92.8%
Wishing
92%
West
91.9%
Who's
91.7%
% Correct
Winter
91.6%
Walt
90.6%
Wee Willie
89.5%
Wild
89.1%
Without
86%
Water
84.8%
Warm
84.5%
Wilbur
83.7%
William
83.4%
Wascally
83.1%
Wounded
82.8%
Walking
78.2%
Wil
77.7%
Worth
77.1%
Washington
76.2%

You're not logged in!

Compare scores with friends on all Sporcle quizzes.
OR
Log In

You Might Also Like...

Show Comments

Extras

Top Quizzes Today


Score Distribution

Your Account Isn't Verified!

In order to create a playlist on Sporcle, you need to verify the email address you used during registration. Go to your Sporcle Settings to finish the process.

Report this User

Report this user for behavior that violates our Community Guidelines.

Details: